Statistics for Bliet ikbar ta 'Malta

Click here to take the quiz!

General Stats

  • This quiz has been taken 8 times
    (7 since last reset)
  • The average score is 8 of 12

Answers on the Map

Answers color-coded by a green-red scale on the quiz's map according to % correct below.
Loading ...
 

Answer Stats

PopulationMaltese Name% Correct
24,356Birkirkara
100%
29,097San Pawl il-Baħar
80%
20,988Mosta
80%
14,891Naxxar
80%
14,592Marsaskala
80%
22,591Tas-Sliema
60%
16,801Ħal Qormi
60%
14,720San Ġwann
60%
14,452Swieqi
60%
13,792San Ġiljan
60%
15,431Ħaż-Żabbar
40%
13,713Imsida
40%

Score Distribution

Percentile by Number Answered

Percent of People with Each Score

Your Score History

You have not taken this quiz since the last reset